000 00657nam a2200265Ia 4500
005 20260121170816.0
008 008 260114s9999 xx 000 0 eng d
020 _a9783319968452
037 _aEBOOK
040 _aCRL
040 _beng
040 _cCRL
041 _2eng
041 _aeng
084 _qCRL
100 _aPaolo M. Ossi
_91068426
245 0 _aAdvances in the Application of Lasers in Materials Science
260 _bSpringer
260 _bSpringer
260 _c2018
856 _uhttps://link.springer.com/openurl?genre=book&isbn=978-3-319-96845-2
942 _cEBOOK
999 _c1634156
_d1634156